00486nam a2200205Ia 4500008004100000020001800041050001400059100002200073245003000095245002500125260001500150260001600165260000900181300001600190300002600206300001000232300002300242440000700265500000800272170918s9999 xx 000 0 und d a9780439841207 bS857 2000 aStilton, Geronimo aDown and out down under / cby Geronimo Stilton. aNew York : bScholastic, c2006 a105 pages : bcolor illustrations ; c19cm. eGeronimo Stilton ; a29 a580